000 00745nam a22002537a 4500
003 UA-OsUOA
001 38387
007 ta
008 20060505b un ||||| |||| 00| 0 ukr d
090 _a82
_bВ11
942 _cMG
040 _aUA-OsUOA
_bukr
_cUA-OsUOA
_dUA-OsUOA
245 _aВітчизна
_bПроза - Поезія - Публіцистика - Критика - Мистецтво - Гумор
_cГолє ред. Глушко О.
300 _a176 с.
955 _a0
041 _aukr
080 _a82
260 _aК.
246 3 1 _aЖурнал письменників України
_n
044 _aUA
962 _a1933
099 _a01021
650 7 _a82 Література. Літературознавство
_2UDC
999 _c324548
_d324548